00191nam a2200073Ia 4500008004100000082001500041100003500056245002600091240331s9999 xx 000 0 und d a303.6bCOS aThe National Peace Council. ed 0aCost of War Sri Lanka